000 00537ngm a2200193 4500
008 s2004 fr fre u
020 _a2866261925
020 _a9782866261924
040 _aLB-BrCRDP
082 1 _a372.4
_bFRI.
100 1 _aFRIOT, Bernard
245 1 0 _aCD - Histoires pressées
_cBernard FRIOT
260 _aPas-de-Calais
_bSCEREN - CRDP
_c2004
300 _bLivret d'accompagnement + Livre
490 0 _aA voix hautes
650 4 _aLangage
942 _cVM
999 _c5533
_d5533